Normal view
MARC view
Entry Topical Term
001 - CONTROL NUMBER
- control field: 25826
003 - CONTROL NUMBER IDENTIFIER
- control field: OSt
005 - DATE AND TIME OF LATEST TRANSACTION
- control field: 20210727152353.0
008 - FIXED-LENGTH DATA ELEMENTS
- fixed length control field: 210727|| aca||aabn | a|a d
040 ## - CATALOGING SOURCE
- Original cataloging agency: OSt
- Transcribing agency: OSt
150 ## - HEADING--TOPICAL TERM
- Topical term or geographic name entry element: Crisis coordination, Social media, COVID-19, Information asymmetry
670 ## - SOURCE DATA FOUND
- Source citation: Work cat.: (OSt): Li, Y. Chandra, Y. Kapucu, N. 25825, Crisis coordination and the role of social media in response to covid-19 in Wuhan, China
